000 01054cam a22003017a 4500
003 CHAP
005 20220329135605.0
008 971013s1993 r 00010 d
010 _a38954
011 _a39926
035 _a44051
040 _cCHAP
082 _a312.0972
_bI58h 1990
110 _aInstituto Nacional de Estadística, Geografía e Informática. México
_959304
245 0 _aHogares
_b: tabulados temáticos, 1990
260 _aAguascalientes, Ags. :
_bINEGI,
_c1993
300 _a616 p.
590 _aBATCH-UPD
_b10
_c20130110
_lUCH01
_h1509
590 _aBATCH-UPD
_b10
_c20130410
_lUCH01
_h0927
590 _aBATCH-UPD
_b10
_c20130914
_lUCH01
_h1340
590 _aCONVERSION
_b10
_c20130109
_lUCH01
_h1322
650 1 4 _aFamilia
_xEstadísticas.
_939406
650 1 4 _aPoblación
_xEstadísticas
_zMéxico.
_989385
901 _aBK
942 _cLIBRO
949 _a312.0972 I58h 1990
_bBC
_cINEGI
_d33724000487559
_eINEGI
_gI. c/e
_h87647
_i44051
_si
949 _a312.0972 I58h 1990
_bBC
_cINEGI
_d33724000487641
_eINEGI
_fc.2
_gI. c/e
_h87648
_i44051
_si
999 _c38954
_d38954